000 00282nam a2200121Ia 4500
008 190216s9999||||xx |||||||||||||| ||und||
100 _aDevraj T L
245 0 _aHindi-Ayurveda Aur Swastha Jeevan
260 _bPrabhath Paper Bach
300 _a184
650 _aHindi
942 _cBK
999 _c16211
_d16211